000 01847nam0a2200361 4500
001 RU\NLR\BIBL_A\021976687
005 20250625072401.0
010 _a978-5-533-02762-5
_91000
021 _aRU
_b2023-36247
_9КН-П-3594
035 _a(RuMoRGB)011830246
035 _a(NLR Aleph) 021976687
090 _a12383776
_c12383776
100 _a20230707d2023 |||y0rusy50 ca
101 0 _arus
102 _aRU
105 _aa z 000zy
181 0 _ai3
_baxxe
182 1 _an
200 1 _aЗнакомство с миром профессий
_eметодические рекомендации
_eдля проведения занятий во 2 классе общеобразовательных организаций
_ecоответствует Федеральному государственному образовательному стандарту
_fГ. В. Резапкина
203 _aТекст
_bвизуальный
_cнепосредственный
210 _aМосква
_cРусское слово
_cРусское слово-учебник
_d2023
215 _a110, [1] с.
_cил.
_d22
225 1 _aФГОС
_iВнеурочная деятельность
225 1 _aТвой билет в будущее
300 _aНа 4-й с. обл. авт.: Г. В. Резапкина, филолог, психолог-профконсультант
606 1 _aДети младшего школьного возраста
_jМетодические пособия
_xПрофессиональная ориентация
_92565690
_3RU\NLR\AUTH\661517461
675 _a373.3.016:331.54
_v4
686 1 _aЧ421.202.5,01я8
700 1 _aРезапкина
_bГ. В.
_gГалина Владимировна
942 _cBOOK
980 _aNB